|
|
|
|
| LEADER |
01488nam a2200409 i 4500 |
| 001 |
38571 |
| 003 |
BD-DhAAL |
| 008 |
220523t2017 ii 001 0deng d |
| 999 |
|
|
|c 44234
|d 44234
|
| 010 |
|
|
|a 2017329354
|
| 020 |
|
|
|a 9789352770144 (PISBN)
|
| 020 |
|
|
|z 9789352770151 (E-ISBN)
|
| 020 |
|
|
|a 9352770145
|
| 025 |
|
|
|a I-E-2017329354 ; 79-92 ; 84-92
|
| 035 |
|
|
|a (OCoLC)on1003758745
|
| 035 |
|
|
|a (OCoLC)1003758745
|
| 037 |
|
|
|b Library of Congress -- New Delhi Overseas Office
|
| 040 |
|
|
|a YDX
|b eng
|e rda
|c YDX
|d HVL
|d DKAGE
|d BD-DhAAL
|
| 042 |
|
|
|a lccopycat
|a lcode
|
| 043 |
|
|
|a a-ii---
|
| 050 |
0 |
0 |
|a HG1235
|b .R27 2017
|
| 082 |
0 |
4 |
|a 332.1092
|2 23
|
| 100 |
1 |
|
|a Rajan, Raghuram G.,
|e author.
|9 48636
|
| 245 |
1 |
0 |
|a I do what I do /
|c Raghuram G. Rajan.
|
| 264 |
|
1 |
|a Uttar Pradesh, India :
|b Harper Business,
|c 2017.
|
| 300 |
|
|
|a xvi, 325 pages ;
|c 24 cm.
|
| 500 |
|
|
|a "On reform, rhetoric and resolve"--Cover page.
|
| 500 |
|
|
|a Includes index.
|
| 541 |
|
|
|a Donated By Akbar Ali Khan
|e 38571
|
| 600 |
1 |
0 |
|a Rajan, Raghuram.
|9 48637
|
| 610 |
2 |
0 |
|a Reserve Bank of India.
|9 48638
|
| 650 |
|
0 |
|a Monetary policy
|z India.
|9 48639
|
| 650 |
|
0 |
|a Banks and banking, Central
|z India.
|9 48640
|
| 650 |
|
0 |
|a Finance.
|9 48641
|
| 852 |
|
|
|a Ayesha Abed Library
|c Akbar Ali Khan Collection
|
| 942 |
|
|
|2 ddc
|c BK
|
| 952 |
|
|
|0 0
|1 0
|2 ddc
|4 0
|6 332_109200000000000_RAJ
|7 1
|9 70693
|a BRACUL
|b BRACUL
|c AAKC
|d 2022-05-23
|e Donated by Akbar Ali Khan
|l 0
|o 332.1092 RAJ
|p 3010038571
|r 2022-05-23
|t 1
|w 2022-05-23
|y BK
|